00357nam a2200133Ia 4500008004100000041000800041082002000049100002100069245004400090250001400134260005100148300001700199365000700216240624s9999 xx 000 0 und d aeng a658.4038011 LAU aLAUDON KENNETH C aMANAGEMENT INFORMATION SYSTEMS MANAGING a(8th ed.) c2004adigital firmNew DelhibPearson Education axxxii, : 534 cRS